| Tag |
First Indicator |
Second Indicator |
Subfields |
| LEADER |
00000cam a2200000 4500 |
| 001 |
in00000063933 |
| 005 |
20151008051144.0 |
| 008 |
741024s1955 onc 00000 eng |
| 010 |
|
|
|a 55002769
|
| 035 |
|
|
|a (OCoLC)01051433
|
| 035 |
|
|
|9 AAG6096AM
|
| 040 |
|
|
|a DLC
|c HRM
|d TXA
|d UtOrBLW
|
| 049 |
|
|
|a TXAM
|c [253671]
|
| 050 |
|
0 |
|a HJ6622
|b .E4
|
| 082 |
0 |
|
|a 336.262
|
| 092 |
|
|
|a 336.262
|b E46t
|
| 100 |
1 |
|
|a Elliott, George Alexander,
|d 1901-
|
| 245 |
1 |
0 |
|a Tariff procedures and trade barriers ;
|b a study of indirect protection in Canada and the United States.
|
| 264 |
|
1 |
|a Toronto :
|b University of Toronto Press,
|c 1955.
|
| 300 |
|
|
|a 293 pages ;
|c 24 cm.
|
| 336 |
|
|
|a text
|b txt
|2 rdacontent
|
| 337 |
|
|
|a unmediated
|b n
|2 rdamedia
|
| 338 |
|
|
|a volume
|b nc
|2 rdacarrier
|
| 650 |
|
0 |
|a Customs administration
|z United States.
|
| 650 |
|
0 |
|a Customs administration
|z Canada.
|
| 999 |
|
|
|a MARS
|
| 999 |
f |
f |
|s 149c05c6-0088-3fe0-b64b-40957a0590c0
|i 11c227b7-7cf6-361a-978d-bf147f3415e3
|t 0
|
| 952 |
f |
f |
|p ric
|a Texas A&M University
|b Rellis Campus
|c Joint Library Facility
|d Remote Storage
|t 0
|e HJ6622 .E4
|h Library of Congress classification
|i unmediated -- volume
|m A14800750131
|
| 998 |
f |
f |
|a HJ6622 .E4
|t 0
|l Remote Storage
|